Statystyki dla Rozpoznaj zespoły po wokalistach [Rock/Metal]

Kliknij tutaj aby rozwiązać quiz!

Ogólne statystyki

  • Ten quiz został rozwiązany 1 105 razy
  • Średni wynik to 16 z 34

Statystyki odpowiedzi

ArtystaZespół% Poprawnych
Freddie MercuryQueen
98%
Kurt CobainNirvana
91%
Paul McCartneyThe Beatles
87%
Axl RoseGuns N' Roses
86%
Mick JaggerThe Rolling Stones
80%
Ozzy OsbourneBlack Sabbath
78%
James HetfieldMetallica
77%
BonoU2
63%
StingThe Police
62%
Robert PlantLed Zeppelin
61%
Chester BenningtonLinkin Park
60%
Jim MorrisonThe Doors
59%
Steven TylerAerosmith
57%
Serj TankianSystem Of A Down
50%
Bruce DickinsonIron Maiden
48%
Lemmy KilmisterMotorhead
47%
Roger WatersPink Floyd
47%
Dave MustaineMegadeth
44%
Bon ScottAC/DC
43%
Corey TaylorSlipknot
40%
Klaus MeineScorpions
36%
Anthony KiedisRed Hot Chili Peppers
35%
Ronnie JamesDio/Rainbow
31%
Rob HalfordJudas Priest
30%
Ian GillanDeep Purple
29%
Paul StanleyKISS
29%
Tom ArayaSlayer
23%
Jonathan DavisKorn
22%
Johnny RottenSex Pistols
21%
Phil AnselmoPantera
19%
Zack de la RochaRage Against The Machine
16%
Maynard KeenanTool
15%
Joey BelladonnaAnthrax
14%
Dexter HollandThe Offspring
13%

Rozkład punktacji

Percentyl według liczby udzielonych odpowiedzi

Procent ludzi z każdym wynikiem

Twoja historia wyników

Nie rozwiązałeś tego quizu